<?xml version="1.0" encoding="UTF-8"?>
<record
    xmlns:xsi="http://www.w3.org/2001/XMLSchema-instance"
    xsi:schemaLocation="http://www.loc.gov/MARC21/slim http://www.loc.gov/standards/marcxml/schema/MARC21slim.xsd"
    xmlns="http://www.loc.gov/MARC21/slim">

  <leader>02173nam a2200385 a 4500</leader>
  <controlfield tag="008">180416e2016    ag ||||| |||| 001 0 spa d</controlfield>
  <datafield tag="020" ind1=" " ind2=" ">
    <subfield code="a">9789500606806</subfield>
  </datafield>
  <datafield tag="041" ind1=" " ind2=" ">
    <subfield code="a">spa</subfield>
  </datafield>
  <datafield tag="092" ind1=" " ind2=" ">
    <subfield code="c">611.018</subfield>
    <subfield code="l">23</subfield>
    <subfield code="s">EYN</subfield>
  </datafield>
  <datafield tag="100" ind1="1" ind2=" ">
    <subfield code="a">Eynard, Aldo R.</subfield>
    <subfield code="9">134</subfield>
  </datafield>
  <datafield tag="245" ind1=" " ind2=" ">
    <subfield code="a">Histologia y embriologia humanas.</subfield>
    <subfield code="b">Bases celulares y moleculares con orientaci&#xF3;n cl&#xED;nico-patol&#xF3;gica /</subfield>
    <subfield code="c">Aldo R. Eynard</subfield>
  </datafield>
  <datafield tag="250" ind1=" " ind2=" ">
    <subfield code="a">5a ed. revisada</subfield>
  </datafield>
  <datafield tag="260" ind1=" " ind2=" ">
    <subfield code="a">Buenos Aires:</subfield>
    <subfield code="b">Editorial M&#xE9;dica Panamericana;</subfield>
    <subfield code="c">2016.</subfield>
  </datafield>
  <datafield tag="300" ind1=" " ind2=" ">
    <subfield code="a">798 p.</subfield>
  </datafield>
  <datafield tag="500" ind1=" " ind2=" ">
    <subfield code="a">Eynard, A. R., Valentich, M. A. y Rovasio, R. A. (2016). Histolog&#xED;a y embriolog&#xED;a humanas. Bases celulares y moleculares con orientaci&#xF3;n cl&#xED;nico- patol&#xF3;gica. (5a ed.). Buenos Aires : Editorial M&#xE9;dica Panamericana.</subfield>
  </datafield>
  <datafield tag="590" ind1=" " ind2=" ">
    <subfield code="a">DONACION ED. MEDICA PANAMERICANA ABRIL 2018</subfield>
  </datafield>
  <datafield tag="653" ind1=" " ind2=" ">
    <subfield code="a">M&#xE9;todos generales para el estudio de las c&#xE9;lulas y los tejidos</subfield>
  </datafield>
  <datafield tag="653" ind1=" " ind2="3">
    <subfield code="a">El n&#xFA;cleo como centro interactivo del control celular</subfield>
  </datafield>
  <datafield tag="653" ind1=" " ind2=" ">
    <subfield code="a">S&#xED;ntesis, tr&#xE1;nsito y distribuci&#xF3;n de las macromol&#xE9;culas</subfield>
  </datafield>
  <datafield tag="653" ind1=" " ind2="4">
    <subfield code="a">Las fuentes de energ&#xED;a y su transformaci&#xF3;n</subfield>
  </datafield>
  <datafield tag="653" ind1=" " ind2=" ">
    <subfield code="a">Relaciones de la c&#xE9;lula hacia su interior y con su medio exterior</subfield>
  </datafield>
  <datafield tag="653" ind1=" " ind2=" ">
    <subfield code="a">Componentes celulares y moleculares involucrados en etapas tempranas del desarrollo embrionario</subfield>
  </datafield>
  <datafield tag="653" ind1=" " ind2="4">
    <subfield code="a">Las funciones de revestimiento, protecci&#xF3;n, comunicaci&#xF3;n y producci&#xF3;n</subfield>
  </datafield>
  <datafield tag="653" ind1=" " ind2="4">
    <subfield code="a">Las actividades de defensa y reparaci&#xF3;n del cuerpo</subfield>
  </datafield>
  <datafield tag="653" ind1=" " ind2=" ">
    <subfield code="a">Los movimientos del cuerpo, de las v&#xED;sceras y del sistema cardiocirculatorio</subfield>
  </datafield>
  <datafield tag="653" ind1=" " ind2=" ">
    <subfield code="a">Comunicaci&#xF3;n entre c&#xE9;lulas, tejidos, &#xF3;rganos y medio externo</subfield>
  </datafield>
  <datafield tag="653" ind1=" " ind2=" ">
    <subfield code="a">Sistemas sensoriales: recepci&#xF3;n de se&#xF1;ales y elaboraci&#xF3;n de respuestas</subfield>
  </datafield>
  <datafield tag="653" ind1=" " ind2=" ">
    <subfield code="a">Funciones metab&#xF3;licas de nutrici&#xF3;n, excreci&#xF3;n y respiraci&#xF3;n</subfield>
  </datafield>
  <datafield tag="653" ind1=" " ind2=" ">
    <subfield code="a">Continuidad de la especie: sistemas reproductores masculino y femenino</subfield>
  </datafield>
  <datafield tag="653" ind1=" " ind2=" ">
    <subfield code="a">Interacciones materno-fetal-neonatal: placenta y gl&#xE1;ndula mamaria</subfield>
  </datafield>
  <datafield tag="653" ind1=" " ind2=" ">
    <subfield code="a">Desarrollo embrionario patol&#xF3;gico: bases gen&#xE9;ticas y ambientales (epigen&#xE9;ticas) de las anomalias cong&#xE9;nitas</subfield>
  </datafield>
  <datafield tag="700" ind1="1" ind2=" ">
    <subfield code="a">Valentich, Mirta A.</subfield>
    <subfield code="9">135</subfield>
  </datafield>
  <datafield tag="700" ind1="1" ind2=" ">
    <subfield code="a">Rovasio, Roberto A.</subfield>
    <subfield code="9">136</subfield>
  </datafield>
  <datafield tag="942" ind1=" " ind2=" ">
    <subfield code="2">ddc</subfield>
    <subfield code="c">BK</subfield>
  </datafield>
  <datafield tag="999" ind1=" " ind2=" ">
    <subfield code="c">2709</subfield>
    <subfield code="d">2709</subfield>
  </datafield>
  <datafield tag="952" ind1=" " ind2=" ">
    <subfield code="0">0</subfield>
    <subfield code="1">0</subfield>
    <subfield code="2">ddc</subfield>
    <subfield code="4">0</subfield>
    <subfield code="7">0</subfield>
    <subfield code="8">REF</subfield>
    <subfield code="a">BFM</subfield>
    <subfield code="b">BFM</subfield>
    <subfield code="c">REF</subfield>
    <subfield code="d">2018-04-16</subfield>
    <subfield code="e">Donacion </subfield>
    <subfield code="l">2</subfield>
    <subfield code="o">611.018 23 EYN</subfield>
    <subfield code="p">4220</subfield>
    <subfield code="r">2023-06-05</subfield>
    <subfield code="s">2019-07-05</subfield>
    <subfield code="t">Ej. 1</subfield>
    <subfield code="w">2018-04-16</subfield>
    <subfield code="y">REF</subfield>
    <subfield code="z">LIBRO DE CONSULTA. DONACION ED.MEDICA PANAMERICANA</subfield>
  </datafield>
</record>
